Wealth, poverty and starvantion; (Record no. 131840)
[ view plain ]
| 000 -LEADER | |
|---|---|
| fixed length control field | 00741nam a22002177a 4500 |
| 008 - FIXED-LENGTH DATA ELEMENTS--GENERAL INFORMATION | |
| fixed length control field | 240311b |||||||| |||| 00| 0 eng d |
| 020 ## - INTERNATIONAL STANDARD BOOK NUMBER | |
| International Standard Book Number | 0745002072. |
| 050 ## - LIBRARY OF CONGRESS CALL NUMBER | |
| Classification number | HC79.I5 G47 1988 |
| 100 ## - MAIN ENTRY--PERSONAL NAME | |
| Personal name | George ,Vic |
| 9 (RLIN) | 52565 |
| 245 ## - TITLE STATEMENT | |
| Title | Wealth, poverty and starvantion; |
| Remainder of title | a world perspective, |
| Statement of responsibility, etc | Vic, George |
| 300 ## - PHYSICAL DESCRIPTION | |
| Extent | xi; |
| Other physical details | 234p, |
| Dimensions | 22cm. |
| 650 ## - SUBJECT ADDED ENTRY--TOPICAL TERM | |
| Form subdivision | income distribution, |
| 9 (RLIN) | 52566 |
| 650 ## - SUBJECT ADDED ENTRY--TOPICAL TERM | |
| Form subdivision | wealth, |
| 9 (RLIN) | 7285 |
| 650 ## - SUBJECT ADDED ENTRY--TOPICAL TERM | |
| General subdivision | poor, |
| 9 (RLIN) | 48389 |
| 650 ## - SUBJECT ADDED ENTRY--TOPICAL TERM | |
| Form subdivision | economic development. |
| 9 (RLIN) | 9273 |
| 650 ## - SUBJECT ADDED ENTRY--TOPICAL TERM | |
| Form subdivision | Developing countries; |
| General subdivision | income distribution. |
| 9 (RLIN) | 52567 |
| 650 ## - SUBJECT ADDED ENTRY--TOPICAL TERM | |
| Form subdivision | wealth |
| General subdivision | developing countries |
| 9 (RLIN) | 52568 |
| 650 ## - SUBJECT ADDED ENTRY--TOPICAL TERM | |
| Form subdivision | poor; |
| General subdivision | developing countries, |
| 9 (RLIN) | 21332 |
| 650 ## - SUBJECT ADDED ENTRY--TOPICAL TERM | |
| Form subdivision | developing countries; |
| General subdivision | economic conditions. |
| 9 (RLIN) | 42639 |
| 942 ## - ADDED ENTRY ELEMENTS (KOHA) | |
| Source of classification or shelving scheme | Library of Congress Classification |
| Item type | Monograph ( Printed materials) |
No items available.